LEADER 01253nam a2200277 u 4500 001 000000113053 003 CaOOAMICUS 005 20080730131215.0 008 080730s2008 it u000 u ita u 020 $z978-88-6081-357-2* 040 $aPUL$bita$dLDB 041 1 $aita$hrus 100 1 $aHessen, Serge? Iosifovich,$d1887-1950.$0(OLS)http://pul/name/47160 240 10$aPrawo imoralnosc.$lItaliano.$0(OLS)http://pul/title/142074 245 10$aDiritto e morale :$bnel liberalismo, nel socialismo, nella democrazia, nel comunismo /$cSergio Hessen. 260 $aRoma :$bA. Armando,$cc2008. 300 $a143 p. ;$c20 cm 490 1 $aClassici 504 $aBibliografia in nota. 650 4$aEtica e diritto.$0(OLS)http://pul/subject/482 830 0$aClassici (Armando).$0(OLS)http://pul/title/115365 850 $aPUL 852 $aPUL$W1$xSL Diritto e Scienze Sociali 3$y79$m340. 1 HESSE 1$j129210$qDDC 21$B128295$CPULBib$Z2$F128295 $H108108 $82 996 $6020$z978-88-6081-357-2*$9(OLS)http://pul/number/138617 996 $6245$aDiritto e morale :$bnel liberalismo, nel socialismo, nella democrazia, nel comunismo$9(OLS)http://pul/title/142073 996 $6260$aRoma :$bA. Armando$9(OLS)http://pul/publisher/50895 LEADER 01320nam a2200265 a 4500 001 000000152222 003 CaOOAMICUS 005 20160610142945.0 008 160610s1943 sp hf u000 u spa r 032 $aLibriCat 040 $aPUL$bita 100 1 $aGarcía, Hispano Diego.$0(OLS)http://pul/name/96890 245 00$aPlaneta (obra ascética del siglo XIII) / $cDiego García ; Edición, introducción y notas por el p. Manuel Alonso, s.j. 260 $aMadrid :$b[s.n.],$c1943. 300 $a494 p. :$bfacs., tav. ;$c26 cm. 500 $aIn testa al front.: Consejo superior de investigaciones científicas. Patronato Raimundo Lulio. Instituto Francisco Suárez. 650 04$aSpiritualità$zSpagna.$0(OLS)http://pul/subject/15981 700 1 $aAlonso, Manuel,$cS.I.$0(OLS)http://pul/name/4141 710 2 $aConsejo superior de investigaciones científicas. $bPatronato Raimundo Lulio. $bInstituto Francisco Suárez.$0(OLS)http://pul/name/96887 850 $aPUL 852 $aPUL$W1$xDP1 Cons. Gen., Altre Classi 1$y22$m933 H 28$j174976$qStampati$B177529$CPULBib$Z2$F177529 $H11161 $81 941 1 $a8 996 $6245$aPlaneta (obra ascética del siglo XIII) / $9(OLS)http://pul/title/191616 996 $6260$aMadrid :$b[s.n.]$9(OLS)http://pul/publisher/49535